Kornélia Milecová

Bibliographic Details
Main Author: Sedlický, Tibor, 1924-2004 (Author)
Format: Article
Language:Slovak
ISBN:8080551618
Subjects:

MARC

LEADER 00000nab a2200000 a 4500
001 vtls000704655
003 SK-MaSNL
005 20260302182030.0
008 160322c1998 xo 0 slo
015 |a SNBRA1999/10-23020 
035 |a CLN000056822 
040 |a SNKBUCL  |b slo  |c SNKBUCL  |e AACR2 
041 0 |a slo 
044 |a xo  |c SK 
080 |a 78.071.2  |2 UDC-MRF-SK2 
080 |a 78.087.6  |2 UDC-MRF-SK2 
080 |a 929 Milecová, Kornélia  |2 UDC-MRF-SK2 
100 1 |a Sedlický, Tibor,  |d 1924-2004  |4 aut  |9 206840 
245 1 0 |a Kornélia Milecová  |c Tibor Sedlický 
600 1 7 |a Milecová, Kornélia  |d 1942-  |2 snkbucl  |9 893475 
655 7 |a články zo zborníkov  |2 snkbucl  |9 166140 
773 0 |w SK01SNK19990310020  |z 8080551618  |t K dejinám zborového spevu na Slovensku. 3  |d Banská Bystrica : Univerzita Mateja Bela, 1998  |g S. 38 
850 |a Slovenská národná knižnica v Martine 
852 |a SNK  |b KIS3GCP 
958 |a BX 
958 |a SK 
999 |c 1416621  |d 1418551